000 00667nam a2200193Ia 4500
005 20250423100637.0
008 250422s9999 xx 000 0 und d
020 _a0439636485
050 _aPZ7 .M82712/
100 _aMorpurgo, Michael.
245 0 _aPrivate Peaceful
250 _a1st American ed
260 _aNew York
260 _bScholastic Press, 2004
260 _c2004
300 _a202 p
650 _a Single-parent families--Fiction. Poverty--Fiction. Soldiers--Fiction. People with mental disabilities--Fiction. World War, 1914-1918--England--Fiction. Great Britain--History--George V, 1910-1936--Fiction.
942 _cBK
999 _c33927
_d33927